UBT Library

The American people : (Record no. 44769)

000 -LEADER
fixed length control field 00696cam a2200241 a 4500
001 - CONTROL NUMBER
control field 14703513
005 - DATE AND TIME OF LATEST TRANSACTION
control field 20180312091942.0
008 - FIXED-LENGTH DATA ELEMENTS--GENERAL INFORMATION
fixed length control field 070119m2007 nyuab b 001 0 eng
010 ## - LIBRARY OF CONGRESS CONTROL NUMBER
LC control number 2007270197
020 ## - INTERNATIONAL STANDARD BOOK NUMBER
International Standard Book Number 0321466837 (v. 1 ; pbk.)
020 ## - INTERNATIONAL STANDARD BOOK NUMBER
International Standard Book Number 0321463374 (v. 2)
040 ## - CATALOGING SOURCE
Original cataloging agency DLC
Transcribing agency DLC
Modifying agency DLC
041 ## - LANGUAGE CODE
Language code of text/sound track or separate title eng
043 ## - GEOGRAPHIC AREA CODE
Geographic area code n-us---
080 ## - UNIVERSAL DECIMAL CLASSIFICATION NUMBER
Universal Decimal Classification number 32 JEF
082 ## - DEWEY DECIMAL CLASSIFICATION NUMBER
Edition number 32 JEF
100 ## - Rafti
Rafti 23
101 ## - Shkurtesa
Shkurtesa POL
245 04 - TITLE STATEMENT
Title The American people :
Statement of responsibility, etc Gary B. Nash, general editor ... [et al.].
906 ## - LOCAL DATA ELEMENT F, LDF (RLIN)
a 7
b cbc
c origcop
d 3
e ncip
f 20
g y-gencatlg
942 ## - ADDED ENTRY ELEMENTS (KOHA)
Source of classification or shelving scheme
Item type Books
Holdings
Withdrawn status Lost status Source of classification or shelving scheme Damaged status Not for loan Collection code Permanent location Current location Shelving location Date acquired Total Checkouts Full call number Barcode Date last seen Price effective from Koha item type
          Koleksioni i përgjithshem UBT - Lipjan UBT - Lipjan Koleksioni i përgjithshem 03/12/2018   32 JEF 002-3001402 03/12/2018 03/12/2018 Books
UBT Library © 2015-2024. All rights reserved University Education for Business and Technology